000 00849nam a22002297a 4500
005 20240530110515.0
008 160119s2013 lu ag bb 001 0 ara d
020 _a9789953826103
040 _aEG-CaGPL
082 0 4 _221
_a305.55\
_bأ ت
100 0 _aاحمد موسى بدوى .
245 1 0 _aتحولات الطبقات الوسطى فى الوطن العربى /
_cاحمد موسى بدوى .
250 _aط1.
260 _aبيروت :
_bمركز دراسات الوحدة العربية ،
_c2013 .
300 _a448 ص ؛
_c24 سم .
504 _aببليوجرافية : 429 - 436
650 0 4 _aالطبقات الاجتماعية .
650 0 4 _aالطبقة الوسطى
_zالعالم العربى .
650 0 4 _aالطبقات الاجتماعية
_zالعالم العربى .
942 _2ddc
_cBK
999 _c61772
_d61772